000 00811nam a2200265Ia 4500
003 OSt
005 20220918171407.0
006 a|||||r|||| 00| 0
007 ta
008 220917b |||||||| |||| 00| 0 eng d
020 _a9781609180799 (hbk)
_c1890.7
024 _a270,118
037 _b443, 11/02/2013, The Book Seller
_cTextual
040 _aARTS
_cARTS
_beng
041 _2eng
_aeng
082 _aS82:86, Q1
100 _aWilliams Lee
_936314
245 0 _aEssential assessment skills for couple and family therapists
260 _aNew York
_bThe Guilford Press USA
_c2011
300 _axviii,270p.
_ccm.
490 _aGuilford family therapy
650 _aPSYCHOLOGY
942 _hS82:86, Q1
_cTEXL
_2CC
999 _c139371
_d139371